01193nam a2200313 i 4500001001000000003000900010005001700019007000300036008004100039020001500080040003000095041000800125082002400133100003700157245007100194250002300265264004600288300002700334336002700361337003400388338002800422590002800450650003700478650003800515910004000553942001400593952025500607999001700862000047783DO-SdBNP20241014083749.0ta240410s1997 dr a r 000 0 spa d a8484002403 aDO-SdBNPbspacBNPHUerda aspa 4aRD863.44bA173e2221 aAcedo, Pepa,eautor9866704aut.10aErase una vez una mujer en las arrugas del sueño /cPepa Acevedo aPrimera edición  4aSanto Domingo :bEditora Taller,c©1997. a98 páginas ;c21 cm. ardacontentbtexto2txt ardamedia bsin mediación2n brdacarrier0volumen2nc aInventariado, 2023 / DG 4aCuentos dominicanos9148272LEMB 4aLiteratura dominicana985762LEMB aDG/Validado. Control de calidad MFF 2ddccLBS1 00102ddc51708PDaBNPHUbBNPHUcHDd2024-10-04eDonado por la Presidencia de la República Dominicana 2023.l0oBNPHU PD RD863.44 A173ep2024-5581r2024-10-04w2024-10-04yLBS1zPerteneció a la biblioteca personal de René Rodríguez Soriano. c57756d57756